00873nam a22002057a 450000500170000001000150001702000260003203500130005803700130007108200160008410000280010024502500012826000410037827000810041930000690050052000230056970000240059270000250061670000260064120150515144452.0 aENG-112680 c195.00a9788123763460 aEN-96212 bDBAD/PUB a303.4840954 aVenkataraman, Ramaswami00aReflections of a statesman :cby R. Venkataraman ;compiled and introduced by Ramaswamy R. Iyer with assistance from Suhasini Ramaswamy [and] Mahadevan Ramaswamy.b selected post-presidential speeches of R. Venkataraman, former president of India aNew DelhibNational Book Trustc2011 aNehru Bhawan, 5 Institutional Area, Phase-ll Vasant Kunj bNew Delhie110070 a xx, 403 p., [4] p. of plates :c22cm(pbk)bill. (chiefly col.)  aOn various topics. a Iyer, Ramaswamy R. aRamaswamy, Suhasini. aRamaswamy, Mahadevan.